000 00645nam a2200193Ia 4500
003 GCL
008 140319s9999 xx 000 0 ara d
020 _a2117208977
040 _aGCL /
_cGCL
082 0 4 _aق
_b916.239
_bج س
100 1 _aجمال حمدان
245 1 0 _aسيناء فى الاستراتيجية والسياسة والجغرافيا /
_cجمال حمدان
260 _aالقاهرة :
_bمكتبة مدبولى ،
_c1993
300 _a222 ص ؛
_c19 سم
650 0 4 _aسيناء - الجغرافيا
650 0 4 _aمصر - الجغرافيا الطبيعية
650 0 4 _aمصر - جغرافيا
942 _2ddc
_cBK
999 _c9476
_d9476